Faktory ovplyvňujúce ziskovosť komerčnej banky diplomová práca

Gespeichert in:
Bibliographische Detailangaben
1. Verfasser: Kožíšková, Aneta
Körperschaft: Národohospodárska fakulta EU. Katedra bankovníctva a medzinárodných financií
Weitere Verfasser: Šturc, Boris, 1961-
Format: Buch
Sprache:Slowakisch
Veröffentlicht: Bratislava 2016
Tags: Tag hinzufügen
Keine Tags, Fügen Sie das erste Tag hinzu!

MARC

LEADER 00000nbm a2200000 4500
001 0217974
005 20231108121342.0
041 0 |a slo 
044 |a SK 
245 1 0 |a Faktory ovplyvňujúce ziskovosť komerčnej banky  |b diplomová práca  |c Aneta Kožíšková ; školiteľ: Boris Šturc 
264 1 |a Bratislava  |c 2016 
300 |a 80 s. 
100 1 |a Kožíšková, Aneta 
700 1 |a Šturc, Boris, 1961- 
710 2 |a Národohospodárska fakulta EU. Katedra bankovníctva a medzinárodných financií